ARRUPE JESUIT UNIVERSITY

CORONAVIRUS -STOP THE SPREAD - CLEAN,DISINFECT,COVER

Black background; (Record no. 121967)

MARC details
000 -LEADER
fixed length control field 01148cam a22003371 4500
001 - CONTROL NUMBER
control field 7048205
003 - CONTROL NUMBER IDENTIFIER
control field ARRUPE
005 - DATE AND TIME OF LATEST TRANSACTION
control field 20150209114015.0
008 - FIXED-LENGTH DATA ELEMENTS--GENERAL INFORMATION
fixed length control field 730117s1964 nyua b 000 0 eng
010 ## - LIBRARY OF CONGRESS CONTROL NUMBER
LC control number 64012734
015 ## - NATIONAL BIBLIOGRAPHY NUMBER
National bibliography number GB64-18986
035 ## - SYSTEM CONTROL NUMBER
System control number (OCoLC)541399
040 ## - CATALOGING SOURCE
Original cataloging agency DLC
Transcribing agency OAU
Modifying agency OCoLC
-- ODaWU
-- NN
-- Uk
-- DLC
041 1# - LANGUAGE CODE
Language code of text/sound track or separate title eng
Language code of original and/or intermediate translations of text ven
042 ## - AUTHENTICATION CODE
Authentication code premarc
043 ## - GEOGRAPHIC AREA CODE
Geographic area code f-sa---
050 00 - LIBRARY OF CONGRESS CALL NUMBER
Classification number DT761
Item number .M16
082 ## - DEWEY DECIMAL CLASSIFICATION NUMBER
Classification number 916.8
300 ## - PHYSICAL DESCRIPTION
Other physical details illus.
Dimensions 22 cm.
100 1# - MAIN ENTRY--PERSONAL NAME
Personal name Magidi, Dora Thizwilondi.
9 (RLIN) 14893
245 10 - TITLE STATEMENT
Title Black background;
Remainder of title the childhood of a South African girl
Statement of responsibility, etc [by] John Blacking.
260 ## - PUBLICATION, DISTRIBUTION, ETC. (IMPRINT)
Place of publication, distribution, etc New York,
Name of publisher, distributor, etc Abelard-Schuman
Date of publication, distribution, etc [1964]
300 ## - PHYSICAL DESCRIPTION
Extent 207 p.
500 ## - GENERAL NOTE
General note "Based on the autobiography of Dora Thizwilondi Magidi, pseud. Translated from the Venda with an introduction and notes by John Blacking." cf. Dust jacket.
504 ## - BIBLIOGRAPHY, ETC. NOTE
Bibliography, etc Bibliography: p. 203-207.
650 #0 - SUBJECT ADDED ENTRY--TOPICAL TERM
Topical term or geographic name as entry element Blacks
Geographic subdivision South Africa.
9 (RLIN) 14894
650 #0 - SUBJECT ADDED ENTRY--TOPICAL TERM
Topical term or geographic name as entry element Youth
Geographic subdivision South Africa.
9 (RLIN) 14895
650 #0 - SUBJECT ADDED ENTRY--TOPICAL TERM
Topical term or geographic name as entry element Venda (African people)
9 (RLIN) 14896
700 1# - ADDED ENTRY--PERSONAL NAME
Personal name Blacking, John.
9 (RLIN) 14897
906 ## - LOCAL DATA ELEMENT F, LDF (RLIN)
a 7
b cbc
c oclcrpl
d u
e ncip
f 19
g y-gencatlg
942 ## - ADDED ENTRY ELEMENTS (KOHA)
Source of classification or shelving scheme Library of Congress Classification
Koha item type Monograph ( Printed materials)
Holdings
Withdrawn status Lost status Source of classification or shelving scheme Damaged status Not for loan Collection code Home library Current library Shelving location Date acquired Total Checkouts Full call number Barcode Date last seen Date checked out Price effective from Koha item type
    Library of Congress Classification     Main Collection ARRUPE LIBRARY ARRUPE LIBRARY Main Collection 09/02/2015 2 DT761 .M16 46500001080 07/12/2017 09/10/2017 09/02/2015 Monograph ( Printed materials)

 

Arrupe Library. PO Box MP320 Mt Pleasant, Harare, Zimbabwe
263 242 745411|librarian@aju.ac.zw